Among us - THE SKELD - Statystyki

Ogólne statystyki
  • Ten quiz został rozwiązany 371 razy
  • Średni wynik to 11 z 14
Statystyki odpowiedzi
Hint Odpowiedź % Poprawnych
(scan, inspect sample) medbay
94%
(swipe card, upload, fix wiring) admin
91%
(download, fix wiring, emergency, empty garbage) cafeteria
90%
(start reactor, unlock manifolds) reactor
88%
(prime shields) shields
86%
(fuel engines, fix wiring, empty garbage) storage
85%
(clean filter, empty chute) o2
82%
(clean asteriods, download) weapons
78%
(fix wiring, cameras) security
77%
(align engine output, divered power) upper engine
77%
(align engine output, divered power) lower engine
75%
(fix wiring, download, calibrate distributor) electrical
73%
(comms sabotage, download) communications
69%
(chart course, stabilize steering) navigations
53%
Nie znaleziono quizów pasujących do podanych kryteriów
Rozkład punktacji
Procent ludzi z każdym wynikiem
Percentyl według liczby udzielonych odpowiedzi
Twoja historia wyników
Nie rozwiązałeś tego quizu